Регионални проблеми на Република България (Запис номер 67266)
[ съкратено ]
| 000 -Лидер | |
|---|---|
| Контролно поле с фиксирана дължина | 01806nam a2200385 c 4500 |
| 003 - Код на организацията, давaща контролен номер | |
| Контролно поле | BLK |
| 005 - Дата и час на последна редакция | |
| Контролно поле | 20230103153445.0 |
| 008 - Елементи от данни с фиксирана дължина | |
| fixed length control field | 180408b bul|||||r ||||||| ||bul|| |
| 010 ## - Наследен системен номер | |
| LC control number | KNG00071576000 |
| 020 ## - Международен стандартен номер на книга ISBN | |
| Международен стандартен номер на книга ISBN | 954-528-680-6 |
| -- | издат.: Труд |
| 040 ## - Източник на каталожния запис | |
| Идентификатор на билиотеката - собственик на записа | BLK |
| 041 ## - Код за език | |
| Код за езика на текст/звукозапис или на отделно заглавие | Български |
| Код за езика КДБФ | Български |
| 080 ## - УДК | |
| Текстов определител УДК | Социална география. Икономическа география. География на туризма |
| УДК код - определител по УДК | 338:91 |
| УДК определител | (497.2) |
| УДК - код + определител | 338:91(497.2) |
| 080 ## - УДК | |
| Текстов определител УДК | Регионална икономика. Териториална икономика. Вж и 314.7 ; 330.15 ; 330.322 ; 331.5 ; 338.49 |
| УДК код - определител по УДК | 332.1 |
| УДК определител | (497.2) |
| УДК - код + определител | 332.1(497.2) |
| 100 1# - Редна дума - Автор | |
| Автор | Терзийска, Диана Иванова |
| Авторска отговорност | първи автор |
| R(LIN) | 370810 |
| 139 ## - Редно поле | |
| Редна дума | Терзийска, Диана Иванова и др. |
| Авторски знак | Тер - Т 53 |
| 245 10 - Сведения за заглавието | |
| Заглавие | Регионални проблеми на Република България |
| Редно поле (дума) | Диана Иванова Терзийска; съавт. Емил Крумов Лозанов. |
| 257 ## - Страна на издаване | |
| Страна на създаване/издаване | България |
| 260 ## - Област на издателските данни | |
| -- | София |
| Име на издателя, разпространителя и проч. | Труд |
| Година на издаване | 2006 |
| Печатница | София : Инвестпрес |
| 300 ## - Физическа характеристика | |
| Страници | 720 с. |
| Илюстрации и др. | с табл., сх. |
| Размери/Мащаб | 24 см |
| 380 ## - Жанр | |
| Жанр | Обществени науки |
| 500 ## - Общи забележки | |
| Забележка | Офс. изд. - Библиогр. с. 708-714. - Съдържа и За авторите. |
| 504 ## - Забележка за наличие на библиография и др | |
| Забележка за наличие на библиография и под. | 708-714 |
| 650 #4 - Допълнително описание по предмет – тема | |
| Основно описание – тема или топоним | Стопанско райониране - България |
| 9 (RLIN) | 283188 |
| 651 #4 - Допълнително описание по предмет - топоним | |
| Географско понятие | България |
| 9 (RLIN) | 241624 |
| 653 ## - Ключова дума – ненормативна | |
| Ключова дума | стопанско райониране |
| 653 ## - Ключова дума – ненормативна | |
| Ключова дума | икономическа география |
| 653 ## - Ключова дума – ненормативна | |
| Ключова дума | регионална икономика |
| 700 1# - Други автори (авторска отговорност) | |
| Лично име | Лозанов, Емил Крумов |
| Автороска отговорност (Описва отношението между автора и произведението) | съавт. |
| 9 (RLIN) | 365382 |
| 852 ## - Местоположение | |
| Форматна сигнатура | Цб 231439 |
| 856 4# - Електронен адрес и достъп | |
| Електронен формат | pdf - файл |
| Път до файла /url/ | |
| 856 4# - Електронен адрес и достъп | |
| Електронен формат | pdf - файл |
| Път до файла /url/ | |
| 942 ## - АРТИКУЛИ | |
| Вид на библиотечния материал | Книги |
| Скрит в OPAC | Не |
| Koha issues (borrowed), all copies | 1 |
| 944 ## - СЪЗДАВАНЕ И РЕДАКЦИЯ на ЗАПИСА | |
| Създаване/Редакция | Създаване |
| Дата на регистрацията/редакция | 13.02.2007 |
| Служител, извършил регистрацията/редакцията | Людмила_Стоянова |
| 944 ## - СЪЗДАВАНЕ И РЕДАКЦИЯ на ЗАПИСА | |
| Създаване/Редакция | Редакция |
| Дата на регистрацията/редакция | 26.08.2008 |
| Служител, извършил регистрацията/редакцията | |
| 999 ## - СИСТЕМНИ КОНТРОЛНИ НОМЕРА | |
| Koha biblionumber | 67266 |
| Koha biblioitemnumber | 67266 |
| Код за отписване | Код за изгубен артикул | Източник на класификационната схема | Код за повреда | Коз за рестрикции | Код за отдаване | Артикулен № | Име на библиотеката - собственик | Име на библиотеката, в която се намира в момента | Статус (Текущо местоположение) | Дата на вписване в системата | Местоположение - отдел | Цена в лева | Инвентарен номер | Систематично азбучна сигнатура | Баркод | Номер на екземпляра | Цена в евро | Служебна бележка | Служебен тип на артикула |
|---|---|---|---|---|---|---|---|---|---|---|---|---|---|---|---|---|---|---|---|
| Не е изгубен | Universal Decimal Classification | Не е повреден | без рестрикции | заемане за дома | 111258 | Регионална библиотека "Любен Каравелов" Русе | Регионална библиотека "Любен Каравелов" Русе | Заемна - подръчен фонд | 2007-02-13 | Заемна - подръчен фонд | 18.00 | 120000709638 | П 338:913(497.2)/Т 53 | 120000709638 | 1 | 9.20 | Дост: Pk Вид: Ф N: 1668 Дата: 09.02.2007 Дата инв: 05.02.2018 Бележки инв: П2018 | Книги | |
| Не е изгубен | Не е повреден | без рестрикции | ползва се в читалня | 111259 | Регионална библиотека "Любен Каравелов" Русе | Регионална библиотека "Любен Каравелов" Русе | Читалня | 2007-02-13 | Читалня | 18.00 | 120000709639 | Ч 338:91/Т 53 | 120000709639 | 2 | 9.20 | Дост: Pk Вид: Ф N: 1668 Дата: 09.02.2007 Дата инв: 23.03.2017 Бележки инв: Ч2017 | Книги | ||
| Не е изгубен | Universal Decimal Classification | Не е повреден | без рестрикции | заемане за дома | 111260 | Регионална библиотека "Любен Каравелов" Русе | Регионална библиотека "Любен Каравелов" Русе | Заемна - подръчен фонд | 2007-10-11 | Заемна - подръчен фонд | 18.00 | 120000718040 | П 338:913(497.2)/Т 53 | 120000718040 | 3 | 9.20 | Дост: Pk Вид: Ф N: 9218 Дата: 01.10.2007 Дата инв: 02.02.2018 Бележки инв: П2018 | Книги | |
| Не е изгубен | Universal Decimal Classification | Не е повреден | без рестрикции | заемане за дома | 111261 | Регионална библиотека "Любен Каравелов" Русе | Регионална библиотека "Любен Каравелов" Русе | Заемна - подръчен фонд | 2007-10-11 | Заемна - подръчен фонд | 18.00 | 120000718041 | П 338:913(497.2)/Т 53 | 120000718041 | 4 | 9.20 | Дост: Pk Вид: Ф N: 9218 Дата: 01.10.2007 Дата инв: 05.02.2018 Бележки инв: П2018 | Книги | |
| Не е изгубен | Не е повреден | без рестрикции | ползва се в читалня | 111262 | Регионална библиотека "Любен Каравелов" Русе | Регионална библиотека "Любен Каравелов" Русе | Хранилище | 2008-08-20 | Хранилище | 18.00 | 120000728111 | Цб 231439 | 120000728111 | 5 | 9.20 | Дост: Dp Вид: Д N: 20 Дата: 18.04.2008 | Книги |